000 00663cam a22002172 4500
001 0000009277
005 20151217155218.0
008 080921s xx 000 0 eng d
020 _a0132343411 :
_cBSP 50
040 _aKABU
_cKABU
100 1 _aMorris, Charles G.
_@0000160216
245 1 0 _aUnderstanding psychology /
_cCharles G. Morris, Albert A. Maisto.
250 _a8th ed.
260 _aUpper Saddle River, NJ :
_bPrentice Hall,
_cc2008.
300 _axxii, 535 [114] p.
650 0 _aPsychology.
_@0000024981
700 1 _aMaisto, Albert A.
_@0000160217
908 _a080921
950 _@1
999 _c12021
_d12021